000 00269nam a22001217a 4500
082 _a920
_bSES/G
100 _aSESHADRI,HIRAMALINI
245 _aGOD INOUR MIDST
260 _aCHENNAI
_bGIGGLES
300 _a217
650 _aLIFE OF SATHYA SAI BABA
_zCHENNAI
942 _cBK
999 _c5691
_d5691